Punjab today (Record no. 153739)

MARC details
000 -LEADER
fixed length control field 00768nam a22002177a 4500
005 - DATE AND TIME OF LATEST TRANSACTION
control field 20180710130529.0
010 ## - LCCN (DPL NO)
LC control number B-223558
020 ## - INTERNATIONAL STANDARD BOOK NUMBER
International Standard Book Number 817629702X
Terms of availability 480.00
035 ## - SYSTEM CONTROL NUMBER
System control number B-223558
037 ## - SOURCE OF ACQUISITION
Source of stock number/acquisition Deep & Deep Publicationa Pvt. Ltd.
082 ## - DEWEY DECIMAL CLASSIFICATION NUMBER
Classification number 338.95412
100 ## - MAIN ENTRY--PERSONAL NAME
Personal name Singh, Mandeep
245 ## - TITLE STATEMENT
Title Punjab today
Statement of responsibility, etc Mandeep Singh [and] Harvinder Kaur
260 ## - PUBLICATION, DISTRIBUTION, ETC. (IMPRINT)
Place of publication, distribution, etc New Delhi
Name of publisher, distributor, etc Deep & Deep Publicationa Pvt. Ltd.
Date of publication, distribution, etc 2005
270 ## - ADDRESS
Address F-159, Rajouri Garden, New Delhi-110027
City New Delhi
Postal code 110027
300 ## - PHYSICAL DESCRIPTION
Extent 292p.
Dimensions 23cm(hb)
500 ## - GENERAL NOTE
General note It include index
700 ## - ADDED ENTRY--PERSONAL NAME
Personal name Kaur, Harvinder
942 ## - ADDED ENTRY ELEMENTS (KOHA)
Source of classification or shelving scheme Dewey Decimal Classification
Item type English Books
Classification part 338.95412
Call number suffix MAN
Holdings
Withdrawn status Lost status Not for loan Collection code Home library Current library Date acquired Full call number Barcode Koha item type
      Non-fiction Sarojini Nagar Sarojini Nagar 10/07/2018 338.95412 MAN B-223558 English Books

© Delhi Public Library
Hit Counter
free hit counter